Chinese global infrastructure/ (Record no. 761066)
[ view plain ]
| 000 -LEADER | |
|---|---|
| fixed length control field | 00333nam a22001217a 4500 |
| 020 ## - INTERNATIONAL STANDARD BOOK NUMBER | |
| ISBN | 9781009486910 |
| 100 ## - MAIN ENTRY--AUTHOR NAME | |
| Personal name | Strange, Austin |
| 245 ## - TITLE STATEMENT | |
| Title | Chinese global infrastructure/ |
| Statement of responsibility, etc | by Austin Strange |
| 260 ## - PUBLICATION, DISTRIBUTION, ETC. (IMPRINT) | |
| Place of publication | . - U K |
| Name of publisher | : Cambridge University Press |
| Year of publication | , 2024 |
| 300 ## - PHYSICAL DESCRIPTION | |
| Number of Pages | 94 pages |
| 942 ## - ADDED ENTRY ELEMENTS (KOHA) | |
| Source of classification or shelving scheme | Dewey Decimal Classification |
| Koha item type | Book |
No items available.
